000 00215nam a2200097Ia 4500
008 240331s9999 xx 000 0 und d
082 _bLOO
100 _aLoomba, A
245 0 _aColonialism Post colonialism
942 _cL
999 _c2546
_d2546